000 00748nam a22002297a 4500
003 UA-OsUOA
001 78095
007 ta
008 20110930b un ||||| |||| 00| 0 ukr d
090 _a811.111'373
_bП82
942 _cBK
040 _aUA-OsUOA
_brus
_cUA-OsUOA
_dUA-OsUOA
245 _aПростые и эффективные способы запоминания английских слов
300 _a288 с.
955 _a2
041 _arus
080 _a811.111'373
020 _a978-966-519-041-7
260 _aДонецьк
_bАгенство Мультипресс
_c2009
650 7 _a8 Мовознавство. Художня література. Літературознавство
_2UDC
999 _c364399
_d364399